Central Library and Information Centre
Sibsagar Girls' College, Sivasagar : Assam

CHAIKEBHILIK DHEKIYA (Record no. 7480)

MARC details
000 -LEADER
fixed length control field 00388cam a2200169ua 4500
008 - FIXED-LENGTH DATA ELEMENTS--GENERAL INFORMATION
fixed length control field 121103n1996 II |||gr||||Z||||||asm
040 ## - CATALOGING SOURCE
Original cataloging agency MAIN
041 ## - LANGUAGE CODE
-- English
082 ## - DEWEY DECIMAL CLASSIFICATION NUMBER
Classification number 581.634 CHA
100 ## - MAIN ENTRY--PERSONAL NAME
Personal name CHAUDHURY, NIROD.
245 ## - TITLE STATEMENT
Title CHAIKEBHILIK DHEKIYA
260 ## - PUBLICATION, DISTRIBUTION, ETC.
Place of publication, distribution, etc. GUWAHATI
Name of publisher, distributor, etc. BANI MANDIR
Date of publication, distribution, etc. 1996
300 ## - PHYSICAL DESCRIPTION
Extent 58:
Dimensions 20CM.
942 ## - ADDED ENTRY ELEMENTS (KOHA)
Koha item type Books
653 ## - INDEX TERM--UNCONTROLLED
Uncontrolled term Medicinal Plants
Holdings
Withdrawn status Lost status Damaged status Not for loan Collection code Home library Current library Shelving location Date acquired Full call number Barcode Date last seen Copy number Price effective from Koha item type
        REFASM Central Library and Information Centre Sibsagar Girls College Central Library and Information Centre Sibsagar Girls College Assamese Fiction 05.02.1997 581.634 CHA 14905 27.02.2020 1 27.02.2020 Books


Sibsagar Girl's College © 2020. All rights reserved.
Powered by Koha.
Maintained by Abhijit Borpuzari.